00789cam a22002291 4500001001300000003000400013005001700017008004100034010001700075035002000092040002300112042001200135050001600147100003600163245004400199250002000243260006600263300001700329505017700346651001900523999001700542g 01000959 DLC20260227111253.0831025s1881 gw 000 0 ger  ag 01000959  a(OCoLC)10051953 aDLCcOCUdOCUdDLC apremarc00aDG209b.P471 aPeter, Carl Ludwig,d1808-1893.10aGeschichte Roms ...cvon Carl Peter ... a4., verb. Aufl. aHalle a.S.,bVerlag der Buchhandlung des Waisenhauses,c1881. a3 v.c23 cm.0 a1. Bd. Von den ältesten Zeiten bis auf die Gracchen.--2. Bd. Von den Gracchen bis zum Untergange der Republik.--3. Bd. Die Geschichte der Kaiser bis zum Tode Marc Aurels. 0aRomexHistory. c23605d23605